Lawrence of Arabia

Ο Τ.Ε. Λώρενς είναι αξιωματικός του αγγλικού στρατού στην Αίγυπτο, στις αρχές του 20ου αιώνα. Τα συμφέροντα της χώρας του θα τον στείλουν να εποπτεύσει τον πόλεμο που έχει ξεσπάσει ανάμεσα στους Άραβες και τους κατακτητές Τούρκους. Ο Λώρενς θα παρασυρθεί από τη δύναμη του αγώνα των Αράβων και θα γίν...

Πλήρης περιγραφή

Αποθηκεύτηκε σε:
Λεπτομέρειες βιβλιογραφικής εγγραφής
Άλλοι συγγραφείς: Lean, David, 1908-1991 (Διευθυντής), O'Toole, Peter, 1932-2013 (Ηθοποιός), Guinness, Alec, 1914-2000 (Ηθοποιός), Quinn, Anthony, 1915-2001 (Ηθοποιός), Hawkins, Jack, 1910-1973 (Ηθοποιός), Ferrer, José, 1912-1992 (Ηθοποιός), Quayle, Anthony, 1913-1989 (Ηθοποιός), Rains, Claude, 1889-1967 (Ηθοποιός), Kennedy, Arthur, 1914-1990 (Ηθοποιός), Sharif, Omar, 1932-2015 (Ηθοποιός)
Μορφή: Διαφάνειες
Γλώσσα:English
Multiple
Δημοσίευση: [S.l.] : Columbia TriStar Home Video, c2000.
Θέματα:
Ετικέτες: Προσθήκη ετικέτας
Δεν υπάρχουν, Καταχωρήστε ετικέτα πρώτοι!

MARC

LEADER 00000cgm a2200000 i 4500
001 1/2399
008 091209s2000 xx ||| | || ||eng||
035 |l 10105981 
040 |a GR-MyUa  |b gre  |e AACR2 
041 0 |a eng  |j mul 
082 7 |a 791.437   |2 (22) 
245 0 0 |a Lawrence of Arabia   |h [μαγνητοσκόπηση] /   |c directed by David Lean. 
260 |a [S.l.] :   |b Columbia TriStar Home Video,   |c c2000. 
300 |a 2 βιντεοδίσκοι (218 λεπτ.) :   |b ομίλ., έγχρ. ;   |c 4 3/4 ίν. 
500 |a Κυκλοφόρησε πρώτη φορά ως κινηματογραφική ταινία το 1962. 
500 |a 7 Βραβεία Oscar 
508 |a Μοντάζ, Anne V. Coates ; μουσική, Maurice Jarre ; σενάριο, Robert Bolt ; παραγωγή, Sam Spiegel. 
511 0 |a Alec Guinness, Anthonyu Quinn, Jack Hawkins, Jose Ferrer, Anthony Quayle, Claude Rains, Arthur Kennedy, Omar Sharif, Peter O'Toole. 
520 8 |a Ο Τ.Ε. Λώρενς είναι αξιωματικός του αγγλικού στρατού στην Αίγυπτο, στις αρχές του 20ου αιώνα. Τα συμφέροντα της χώρας του θα τον στείλουν να εποπτεύσει τον πόλεμο που έχει ξεσπάσει ανάμεσα στους Άραβες και τους κατακτητές Τούρκους. Ο Λώρενς θα παρασυρθεί από τη δύναμη του αγώνα των Αράβων και θα γίνει ένα με αυτούς, γράφοντας ιστορία ως ο Λώρενς της Αραβίας. 
521 8 |a Ακατάλληλο μέχρι 13 χρόνων. 
546 |a Στα αγγλικά με υπότιτλους στα ελληνικά. 
600 1 0 |a Lawrence, T. E.   |q (Thomas Edward),   |d 1888-1935  |v Drama. 
655 7 |a Feature films  |2 lcgft 
700 1 |a Lean, David,   |d 1908-1991,  |e drt 
700 1 |a O'Toole, Peter,   |d 1932-2013,  |e act 
700 1 |a Guinness, Alec,   |d 1914-2000,  |e act 
700 1 |a Quinn, Anthony,   |d 1915-2001,  |e act 
700 1 |a Hawkins, Jack,   |d 1910-1973,  |e act 
700 1 |a Ferrer, José,   |d 1912-1992,  |e act 
700 1 |a Quayle, Anthony,   |d 1913-1989,  |e act 
700 1 |a Rains, Claude,   |d 1889-1967,  |e act 
700 1 |a Kennedy, Arthur,   |d 1914-1990,  |e act 
700 1 |a Sharif, Omar,   |d 1932-2015,  |e act 
852 |a INST  |b SYROS  |c AV  |e 20091209  |h 791.437 LEA  |p 005500007991  |q 005500007991  |t DVD  |y 23  |z Disc.1 
852 |a INST  |b SYROS  |c AV  |e 20091209  |h 791.437 LEA  |p 005500007992  |q 005500007992  |t DVD  |y 23  |z Disc.2 
852 |a INST  |b SYROS  |c AV  |e 20091209  |h 791.437 LEA  |p 005500007991  |q 005500007991  |t DVD  |v Disc.1:  |y 23  |z Disc.1 
852 |a INST  |b SYROS  |c AV  |e 20091209  |h 791.437 LEA  |p 005500007992  |q 005500007992  |t DVD  |v Disc.2:  |y 23  |z Disc.2 
853 |a INST  |b SYROS  |c AV  |h 791.437 LEA 
901 |a BIBL5-2008-1 
922 |a 5ΕΛΗ  |b 200709  |c Βιβλιοθήκη Σύρου  |d Anaco 
970 |a Κοντού  |b Παρασκευή  |z 09/12/2009